000 00316nam a22001337a 4500
008 210303b ||||| |||| 00| 0 eng d
020 _a9780070210585
041 _aeng
080 _24th
_a330.722.6
100 _a62
101 _aKM
245 _aWorking Papers-Financial Accounting
_cWebster,S.R
942 _2udc
_cBK
999 _c55612
_d55612